Central Library OPAC University of Rajshahi

Introduction to the analytics and institutions of money and banking / (Record no. 4247)

MARC details
000 -LEADER
fixed length control field 00928cam a22002771 4500
001 - CONTROL NUMBER
control field 4247
003 - CONTROL NUMBER IDENTIFIER
rucl marc code BD-RjUL
005 - DATE AND TIME OF LATEST TRANSACTION
control field 20211208233847.0
008 - FIXED-LENGTH DATA ELEMENTS--GENERAL INFORMATION
fixed length control field 131222r19711966n a b 001 0 eng d
035 ## - SYSTEM CONTROL NUMBER
System control number (BD-RjUL)4282
System control number (OCoLC)279561
040 ## - CATALOGING SOURCE
Original cataloging agency DLC
Transcribing agency OAkU
Modifying agency OCoLC
-- Uk
-- DLC
-- BD-RjUL
Language of cataloging eng
041 ## - LANGUAGE CODE
Language code of text/sound track or separate title eng
082 ## - DEWEY DECIMAL CLASSIFICATION NUMBER
Classification number 332.0973
Author mark and year FRI 1971
100 1# - MAIN ENTRY--PERSONAL NAME
Personal name Frazer, William Johnson,
Dates associated with a name 1924-
9 (RLIN) 13459
245 10 - TITLE STATEMENT
Title Introduction to the analytics and institutions of money and banking /
Statement of responsibility, etc. William J. Frazer and William P. Yohe.
260 ## - PUBLICATION, DISTRIBUTION, ETC. (IMPRINT)
Place of publication, distribution, etc. New York :
Name of publisher, distributor, etc. Van Nostrand,
Date of publication, distribution, etc. c1966 [1971]
300 ## - PHYSICAL DESCRIPTION
Pagination xi, 682 p. ;
Illustrations illus. :
Size 23 cm.
504 ## - BIBLIOGRAPHY, ETC. NOTE
Bibliography, etc Includes bibliographical references.
650 #0 - SUBJECT ADDED ENTRY--TOPICAL TERM
Topical term or geographic name as entry element Banks and banking
Geographic subdivision United States.
9 (RLIN) 13460
Topical term or geographic name as entry element Money
Geographic subdivision United States.
9 (RLIN) 10351
700 1# - ADDED ENTRY--PERSONAL NAME
Personal name Yohe, William Poe,
Dates associated with a name 1931-
Relator term joint author.
942 ## - ADDED ENTRY ELEMENTS (KOHA)
Source of classification or shelving scheme Dewey Decimal Classification
Koha item type Books
Holdings
Lost status Source of classification or shelving scheme Damaged status Not for loan Collection code Permanent Location Current Location Shelving location Date acquired Source of acquisition Total Checkouts Full call number Date last seen Copy number Koha item type
  Dewey Decimal Classification     Non-fiction Central Library, University of Rajshahi Central Library, University of Rajshahi   06/07/1976 OSIS   332.0973 FRI 1971 22/12/2013 C-3 Books